000 00608nam a2200193Ia 4500
003 GCL
008 140319s9999 xx 000 0 ara d
040 _aGCL /
_cGCL
082 0 4 _a819.9
_bع ع
100 1 _aعباس محمود العقاد
245 1 0 _aعلى الاثير /
_cعباس محمود العقاد
300 _a256 ص
490 _aالهيئة العامة للاستعلامات
_v0
650 0 4 _aالادب العربى
650 0 4 _aالقصص القصيرة
650 0 4 _aالادباء العرب
650 0 4 _aالادب العربى - العصر الحديث
942 _2ddc
_cBK
999 _c50088
_d50088